<?xml version="1.0" encoding="UTF-8"?>
<record
    xmlns:xsi="http://www.w3.org/2001/XMLSchema-instance"
    xsi:schemaLocation="http://www.loc.gov/MARC21/slim http://www.loc.gov/standards/marcxml/schema/MARC21slim.xsd"
    xmlns="http://www.loc.gov/MARC21/slim">

  <leader>01159cab a2200217 i 4500</leader>
  <controlfield tag="001">768714001</controlfield>
  <controlfield tag="003">CO-MdFUSB</controlfield>
  <controlfield tag="005">20230111081854.0</controlfield>
  <controlfield tag="008">180614s1993    gt ||||| |||| 00| 0 spa d</controlfield>
  <datafield tag="022" ind1=" " ind2=" ">
    <subfield code="a">1014-9341</subfield>
  </datafield>
  <datafield tag="040" ind1=" " ind2=" ">
    <subfield code="a">CO-MdFUSB</subfield>
    <subfield code="b">spa</subfield>
    <subfield code="c">CO-MdFUSB</subfield>
    <subfield code="d">CO-MdFUSB</subfield>
  </datafield>
  <datafield tag="041" ind1=" " ind2=" ">
    <subfield code="a">spa</subfield>
  </datafield>
  <datafield tag="100" ind1="1" ind2=" ">
    <subfield code="a">Garc&#xED;a, Patrocinio</subfield>
    <subfield code="e">autor</subfield>
  </datafield>
  <datafield tag="245" ind1="1" ind2="3">
    <subfield code="a">La conducta del pastor : </subfield>
    <subfield code="b">una reflexi&#xF3;n</subfield>
    <subfield code="c">/ Patrocinio Garc&#xED;a </subfield>
  </datafield>
  <datafield tag="300" ind1=" " ind2=" ">
    <subfield code="a">N&#xFA;mero 13 (Julio - Diciembre, 1993), p&#xE1;ginas 47-62</subfield>
    <subfield code="c">: 22 cm</subfield>
  </datafield>
  <datafield tag="520" ind1=" " ind2=" ">
    <subfield code="a">Este art&#xED;culo presenta la conducta del pastor desde tres perspectivas: 1) desde la perspectiva m&#xE1;s general, la de ser hombre, miembro de la raza humana; 2) desde la perspectiva de ser cristiano, miembro de la iglesia, y 3) desde la perspectiva del ministerio pastoral. El prop&#xF3;sito es mostrar la importancia y necesidad de una buena conducta del pastor en el desempe&#xF1;o de su ministerio.</subfield>
  </datafield>
  <datafield tag="650" ind1=" " ind2="0">
    <subfield code="9">228</subfield>
    <subfield code="a">Consejer&#xED;a pastoral</subfield>
  </datafield>
  <datafield tag="773" ind1="0" ind2=" ">
    <subfield code="t">Kair&#xF3;s</subfield>
    <subfield code="0">49489</subfield>
    <subfield code="9">61205</subfield>
    <subfield code="g">N&#xFA;mero 13 (Julio - Diciembre, 1993), p&#xE1;ginas 47-62</subfield>
    <subfield code="q">P&#xE1;gina 47</subfield>
  </datafield>
  <datafield tag="773" ind1="0" ind2=" ">
    <subfield code="t">Kair&#xF3;s</subfield>
    <subfield code="0">49489</subfield>
    <subfield code="9">75837</subfield>
    <subfield code="g">N&#xFA;mero 13 (Julio - Diciembre, 1993), p&#xE1;ginas 47-62</subfield>
    <subfield code="q">P&#xE1;gina 47</subfield>
  </datafield>
  <datafield tag="942" ind1=" " ind2=" ">
    <subfield code="c">ANA</subfield>
  </datafield>
  <datafield tag="999" ind1=" " ind2=" ">
    <subfield code="c">51179</subfield>
    <subfield code="d">51179</subfield>
  </datafield>
</record>
